| 000 | 01018nam a2200253Ia 4500 | ||
|---|---|---|---|
| 003 | IN-BaIIA | ||
| 008 | 211028s9999 xx 000 0 eng d | ||
| 020 | _a90-277-0578-X | ||
| 040 | _cIIA Library | ||
| 080 |
_a082.2:52 _bIAU-67 |
||
| 111 |
_aInternational Astronomical Union Symposium _n67th _cUSSR _d1974 July 29 - Aug. 4 _912942 |
||
| 245 | 0 |
_aVariable stars and stellar evolutions _bproceedings of the International Astronomical Union Symposium No.67 held in Moscow, USSR July 29 to August 4, 1974 _cedited by Vicki E. Sherwood and Lukas Plaut |
|
| 260 |
_aDordrecht _bD. Reidel Publishing _c1975 |
||
| 300 | _axvii, 614p. | ||
| 490 | _aIAU Symposium; no. 67 | ||
| 500 | _aDonated by Mrs. Bappu | ||
| 650 | _aAstronomy and Astrophysics Thesaurus | ||
| 650 | _aStellar Evolution | ||
| 650 |
_aVariable Stars _91140 |
||
| 700 |
_aPlaut, Lukas., ed. _912943 |
||
| 700 |
_aSherwood, Vicki E., ed. _912944 |
||
| 710 | _aInternational Astronomical Union | ||
| 942 | _cBK | ||
| 999 |
_c7655 _d7655 |
||